Derecho de los tratados : teoría y práctica /
Estudio sobre los tratados internacionales, desde sus principios, negociación, adopción, reservas, entrada en vigor, aplicación hasta su interpretación, nulidad y terminación; así como un análisis sobre la recepción de los tratados en el sistema jurídico mexicano.
Bewaard in:
| Hoofdauteur: | |
|---|---|
| Andere auteurs: | |
| Formaat: | Boek |
| Taal: | Spaans |
| Gepubliceerd in: |
México :
UNAM, Instituto de Investigaciones Jurídicas,
2020, c2020
|
| Reeks: | (Estudios Jurídicos ;
347) |
| Onderwerpen: | |
| Tags: |
Geen labels, Wees de eerste die dit record labelt!
|
MARC
| LEADER | 00000nam^a2200000^a^4500 | ||
|---|---|---|---|
| 001 | 000436453 | ||
| 005 | 20250521000000.0 | ||
| 009 | 20260310123157.032 | ||
| 020 | |a 978-607-30-3460-9 | ||
| 037 | |a Acervo ITESO - Biblioteca | ||
| 041 | |a ESP | ||
| 082 | |a 341. 026 |b BEC | ||
| 100 | |a Becerra Ramírez, Manuel |e (autor) | ||
| 245 | 1 | 0 | |a Derecho de los tratados : |b teoría y práctica / |c M. Becerra Ramírez, R. Avalos Vázquez ; pról. de Xavier J. Ramírez García de León. |
| 264 | 4 | |a México : |b UNAM, Instituto de Investigaciones Jurídicas, |c 2020, c2020 | |
| 300 | |a XV, 254 p. | ||
| 336 | |a texto |b txt |2 rdacontenido | ||
| 337 | |a sin mediación |b n |2 rdamedio | ||
| 338 | |a volumen |b nc |2 rdasoporte | ||
| 440 | 1 | |a (Estudios Jurídicos ; |v 347) | |
| 520 | |a Estudio sobre los tratados internacionales, desde sus principios, negociación, adopción, reservas, entrada en vigor, aplicación hasta su interpretación, nulidad y terminación; así como un análisis sobre la recepción de los tratados en el sistema jurídico mexicano. | ||
| 521 | |a 2024 BO Licenciatura en Relaciones Internacionales | ||
| 521 | |a FIL 2021 DIA | ||
| 530 | |a Existe una edición en formato digital en línea con el mismo título | ||
| 649 | |a XX | ||
| 650 | |a Tratados Internacionales - |x Teoría | ||
| 650 | |a Tratados Internacionales - |x Tema Principal | ||
| 650 | |a Sistemas Jurídicos - |z México | ||
| 650 | |a Derecho Público - |z México | ||
| 650 | |a Derecho Internacional Público | ||
| 700 | |a Avalos Vázquez, Roxana |e (autor) | ||
| 910 | |a Fondo General | ||
| 920 | |a Impresos - Libros | ||
| 930 | |a Colección General | ||
| 905 | |a 101 | ||
| 901 | |a 0500350630 |b IT1 |c ACC |i C176512 |u 20250521 | ||
| 902 | |a https://opac.biblio.iteso.mx/vufind/Record/000436453 | ||